| 000 | 00770nam a22002175i 4500 | ||
|---|---|---|---|
| 001 | 166385 | ||
| 003 | ES-MaACL | ||
| 005 | 20260316165934.0 | ||
| 008 | 050915s1899 fr | |||||||| ||fre d | ||
| 040 |
_aCAM _bspa _cCAM |
||
| 080 | _a821.161.1-31"18" | ||
| 100 | 1 |
_aTolstói, Lev, _d1828-1910 _9110489 |
|
| 245 | 1 | 0 |
_aA la recherche du bonheur / _cComte Léon Tolstoï ; traduit avec l'autorisation de l'auteur par E. Halpérine-Kaminsky. |
| 250 | _a13 éd. | ||
| 260 |
_aParis : _bPerrin et Cie, _c1899 ( _ePoitiers : _fImprimerie Blais, Roy et Cie) |
||
| 300 |
_a267 p. ; _c19 cm. |
||
| 700 | 1 |
_aGal'perin-Kaminskij, Il'â Danilovic, _d1858-1936 _9127773 |
|
| 852 |
_aES-MaACL _jF-9497 _z-- Enc. pasta española |
||
| 999 |
_c166385 _d166385 |
||